[Event "Eastpointe (MI Action/1/1)"]
[Site "?"]
[Date "1993.??.??"]
[Round "?"]
[White "Finegold, Ben"]
[Black "Foord, Allan"]
[Result "1-0"]
[WhiteElo "2595"]
[BlackElo "1680"]
[PlyCount "47"]
[EventDate "1993.??.??"]

{1/(1)} 1. d4 Nf6 2. c4 g6 3. Nc3 d5 4. cxd5 Nxd5 5. e4 Nxc3 6. bxc3 Bg7 7. Nf3
c5 8. Rb1 Qa5 9. Bd2 cxd4 10. cxd4 Qxa2 11. Qc1 O-O 12. Bc4 Qa4 13. O-O Qd7 14.
Bh6 e6 15. Rd1 a6 16. d5 exd5 17. Bxd5 Qe7 18. e5 Ra7 19. Be3 Ra8 20. Bc5 Qc7
21. Bxf8 Qxc1 22. Rbxc1 Nd7 23. Bxg7 Kxg7 24. Bxb7 1-0

[Event "Eastpointe (MI Action/6/1)"]
[Site "?"]
[Date "1993.??.??"]
[Round "?"]
[White "Finegold, Ben"]
[Black "Calton, Bill"]
[Result "1-0"]
[WhiteElo "2595"]
[BlackElo "2110"]
[PlyCount "59"]
[EventDate "1993.??.??"]

{6/(1)} 1. d4 Nf6 2. c4 e6 3. Nc3 d5 4. Bg5 Be7 5. e3 O-O 6. Nf3 Nbd7 7. Qc2 c6
8. Rd1 Re8 9. a3 Qa5 10. Bd3 dxc4 11. Bxc4 h6 12. Bh4 b5 13. Be2 b4 14. axb4
Bxb4 15. O-O c5 16. d5 Bb7 17. dxe6 Rxe6 18. Bc4 Ree8 19. Nb5 Bxf3 20. gxf3 Ne5
21. Bxf6 gxf6 22. Nd6 Qc7 23. Kh1 Red8 24. Rg1+ Kf8 25. Qe4 Rab8 26. Nf5 Rxd1
27. Rxd1 Nxc4 28. Qxc4 Rd8 29. Rg1 Qc6 30. Qg4 1-0

[Event "East Lansing (MI Op/2/4)"]
[Site "?"]
[Date "1993.??.??"]
[Round "?"]
[White "Feldman, Steve"]
[Black "Kitts, Gary"]
[Result "1-0"]
[WhiteElo "2315"]
[BlackElo "2055"]
[PlyCount "101"]
[EventDate "1993.??.??"]

{2/(4)} 1. d4 Nf6 2. c4 g6 3. Nc3 d5 4. cxd5 Nxd5 5. Nf3 Bg7 6. e4 Nxc3 7. bxc3
c5 8. Rb1 O-O 9. Be2 Qa5 10. Bd2 Qxa2 11. O-O cxd4 12. cxd4 Nc6 13. d5 Ne5 14.
Bb4 Nxf3+ 15. Bxf3 Re8 16. d6 exd6 17. Bxd6 Rd8 18. e5 Bxe5 19. Bd5 Qa5 20. Qf3
Bf5 21. Bxf7+ Kh8 22. Bxe5+ Qxe5 23. Rfe1 Qa5 24. Ra1 Qc7 25. Re7 Qd6 26. Qc3+
Qd4 27. Re8+ Kg7 28. Qxd4+ Rxd4 29. Rxa8 Kxf7 30. R8xa7 Be4 31. f3 Bc6 32. R1a2
Rd3 33. Kf2 Kf6 34. R7a3 Rd4 35. Ke3 Rd5 36. f4 Rd1 37. g3 Re1+ 38. Re2 Rd1 39.
Ra5 Rd6 40. Re5 Rd1 41. g4 Rf1 42. g5+ Kf7 43. Rf2 Re1+ 44. Kd4 Rd1+ 45. Kc3
Rc1+ 46. Kb2 Rc4 47. f5 gxf5 48. Rfxf5+ Kg6 49. Rf6+ Kg7 50. Re7+ Kg8 51. Rd6
1-0

[Event "East Lansing (MI Op/6/3)"]
[Site "?"]
[Date "1993.??.??"]
[Round "?"]
[White "Feldman, Steve"]
[Black "Hankinson, Chris"]
[Result "1-0"]
[WhiteElo "2315"]
[BlackElo "2155"]
[PlyCount "47"]
[EventDate "1993.??.??"]

{6/(3)} 1. d4 Nf6 2. c4 d6 3. Nc3 Nbd7 4. e4 e5 5. Be3 c6 6. f3 Be7 7. Nh3 Qc7
8. Be2 Nf8 9. Nf2 Ng6 10. g3 h5 11. Qd2 exd4 12. Bxd4 Ne5 13. f4 Ng6 14. O-O-O
Bd7 15. Kb1 O-O-O 16. Rc1 Kb8 17. Nb5 cxb5 18. cxb5 Bc6 19. bxc6 bxc6 20. Rc3
Ka8 21. Bxa7 Kxa7 22. Ra3+ Kb8 23. Rb3+ Ka8 24. Qb4 1-0

[Event "East Lansing (MI Op/4/1)"]
[Site "?"]
[Date "1993.??.??"]
[Round "?"]
[White "Feldman, Steve"]
[Black "Finegold, Ben"]
[Result "1/2-1/2"]
[WhiteElo "2315"]
[BlackElo "2615"]
[PlyCount "58"]
[EventDate "1993.??.??"]

{4/(1)} 1. d4 d5 2. c4 c6 3. Nf3 Nf6 4. e3 g6 5. Nc3 Bg7 6. Bd3 O-O 7. O-O Bg4
8. cxd5 Bxf3 9. Qxf3 cxd5 10. Rd1 Nc6 11. Qe2 e6 12. b3 Re8 13. Bb5 Rc8 14. Bb2
a6 15. Bd3 Qd6 16. Na4 Nd7 17. Rac1 Qb8 18. Nc5 Nxc5 19. Rxc5 Bf8 20. Rcc1 Rc7
21. h4 Rec8 22. Bb1 Nb4 23. Rxc7 Qxc7 24. Qd2 Nc6 25. Rc1 Qd8 26. g3 Rc7 27.
Kg2 b5 28. Qe2 Ne7 29. Rxc7 Qxc7 1/2-1/2

[Event "Troy (TCC/M/5/5)"]
[Site "?"]
[Date "1993.??.??"]
[Round "?"]
[White "Feldman, Steve"]
[Black "Costaras, B."]
[Result "1-0"]
[WhiteElo "2315"]
[BlackElo "1860"]
[PlyCount "99"]
[EventDate "1993.??.??"]

{5/(5)} 1. d4 Nf6 2. c4 c5 3. d5 b5 4. cxb5 a6 5. f3 d6 6. e4 g6 7. Na3 Bg7 8.
Bc4 O-O 9. Ne2 Nbd7 10. bxa6 Nb6 11. Bb5 Bxa6 12. O-O Nfd7 13. Nc3 Ne5 14. f4
Nec4 15. Bxa6 Rxa6 16. Nxc4 Bxc3 17. bxc3 Nxc4 18. Qb3 Na5 19. Qc2 Nc4 20. a4
Qa8 21. f5 f6 22. fxg6 hxg6 23. Bf4 Kg7 24. Qa2 Nb6 25. a5 Nd7 26. Rfb1 Rb8 27.
Qa4 Rxb1+ 28. Rxb1 Qa7 29. Rb5 c4+ 30. Kf1 Nc5 31. Qxc4 Rxa5 32. Rxa5 Qxa5 33.
Be3 Nd7 34. Bd4 Qa1+ 35. Kf2 Qc1 36. Qe2 Qf4+ 37. Kg1 Ne5 38. h3 Qc1+ 39. Kh2
Qf4+ 40. Kg1 Qc1+ 41. Qf1 Qc2 42. Bxe5 fxe5 43. Qf3 Qc1+ 44. Kh2 Qc2 45. h4 Qd2
46. Kh3 Qc2 47. Kg4 Qd2 48. h5 g5 49. h6+ Kg8 50. h7+ 1-0

[Event "Troy (TCC/M/1a/3)"]
[Site "?"]
[Date "1993.??.??"]
[Round "?"]
[White "Feldman, Steve"]
[Black "Chehayeb, Sal"]
[Result "1-0"]
[WhiteElo "2315"]
[BlackElo "2120"]
[PlyCount "117"]
[EventDate "1993.??.??"]

1. d4 Nf6 2. c4 g6 3. Nc3 Bg7 4. Nf3 O-O 5. g3 d6 6. Bg2 a5 7. O-O Na6 8. e4 c6
9. h3 Be6 10. b3 Qc8 11. Kh2 Rb8 12. Ng5 Bd7 13. e5 Ne8 14. f4 b5 15. cxb5 cxb5
16. Nd5 Qd8 17. Bb2 Nac7 18. Ne3 Ne6 19. Ne4 f5 20. Nf2 Bc8 21. Nd3 Bb7 22.
Bxb7 Rxb7 23. Qf3 Rb8 24. Rfd1 Kh8 25. Rac1 Qb6 26. Qc6 Qa7 27. Nf2 Rb6 28. Qc8
N8c7 29. Qd7 Re8 30. Nd5 Qa8 31. Nxc7 Nxc7 32. Rxc7 Rbb8 33. d5 Rbd8 34. Qc6
Qb8 35. Qb7 Qxb7 36. Rxb7 Rc8 37. Rd2 Rc5 38. exd6 Bxb2 39. d7 Rd8 40. Rxb2
Rxd5 41. Kg2 R8xd7 42. Rxd7 Rxd7 43. Kf3 Kg7 44. Ke3 Kf6 45. Rc2 a4 46. Rc5
axb3 47. axb3 b4 48. Rb5 Rc7 49. Rxb4 Rc3+ 50. Nd3 Rc2 51. Rb6+ e6 52. b4 h6
53. b5 g5 54. Rb8 Rh2 55. Nf2 e5 56. fxe5+ Kxe5 57. Rf8 f4+ 58. gxf4+ gxf4+ 59.
Kf3 1-0

[Event "Troy (TCC/M/2/2)"]
[Site "?"]
[Date "1993.??.??"]
[Round "?"]
[White "Feldman, Steve"]
[Black "Basin, Leonid"]
[Result "0-1"]
[WhiteElo "2315"]
[BlackElo "2485"]
[PlyCount "80"]
[EventDate "1993.??.??"]

{2/(2)} 1. d4 Nf6 2. c4 e6 3. Nc3 Bb4 4. Bg5 c5 5. d5 h6 6. Bh4 exd5 7. cxd5 d6
8. e3 Nbd7 9. Nf3 O-O 10. Nd2 Re8 11. Be2 Nf8 12. Qb3 Ng6 13. Bg3 a6 14. O-O
Ba5 15. Nc4 Bc7 16. a4 Rb8 17. a5 h5 18. h3 h4 19. Bh2 Bf5 20. f3 Nh5 21. Ne4
Bxe4 22. fxe4 Nf6 23. Rf5 Rxe4 24. Raf1 Qe7 25. R1f3 Ne5 26. Bxe5 dxe5 27. Bd3
Rxc4 28. Bxc4 e4 29. d6 Bxd6 30. Rf1 Rd8 31. Rd1 g6 32. Rxf6 Qxf6 33. Rf1 Qe5
34. Rxf7 Qh2+ 35. Kf1 Kh8 36. Qxb7 Qh1+ 37. Ke2 Qxg2+ 38. Kd1 Be5+ 39. Kc1 Qd2+
40. Kb1 Qd1+ 0-1

[Event "Gaylord (NMO/4/10)"]
[Site "?"]
[Date "1993.??.??"]
[Round "?"]
[White "Falkowski, Kenneth"]
[Black "Zacks, Naum"]
[Result "0-1"]
[WhiteElo "1700"]
[BlackElo "1800"]
[PlyCount "52"]
[EventDate "1993.??.??"]

{4/(10)} 1. d4 g6 2. e4 Bg7 3. Be3 c6 4. Qd2 d6 5. Bc4 Nf6 6. Nc3 b5 7. Bb3 b4
8. Nce2 Nxe4 9. Qxb4 O-O 10. Ng3 a5 11. Qc4 d5 12. Qe2 a4 13. Nxe4 axb3 14. Nc5
Rxa2 15. Rb1 bxc2 16. Qxc2 Bf5 17. Nd3 Qa5+ 18. Ke2 Qb5 19. Nf3 c5 20. dxc5 Nc6
21. Rbd1 Nb4 22. Qb3 Rfa8 23. Rd2 e5 24. Nh4 Bxd3+ 25. Rxd3 e4 26. Rhd1 Rxb2+
0-1

[Event "East Lansing (MOR/2/31)"]
[Site "?"]
[Date "1993.??.??"]
[Round "?"]
[White "Falkowski, Kenneth"]
[Black "Simmons, P."]
[Result "1-0"]
[WhiteElo "1700"]
[BlackElo "1605"]
[PlyCount "81"]
[EventDate "1993.??.??"]

{2/(31)} 1. d4 d5 2. e4 e6 3. Nc3 c5 4. exd5 exd5 5. dxc5 Bxc5 6. Qxd5 Qb6 7.
Ne4 Be6 8. Qxc5 Qc6 9. Qxc6+ Nxc6 10. Nd6+ Ke7 11. Nxb7 Rb8 12. Nc5 Bf5 13. Bd3
Bxd3 14. Nxd3 Nf6 15. Nf3 Rhe8 16. O-O Kf8 17. Bf4 Rbc8 18. Rfe1 Ne7 19. Bd6
Rxc2 20. Bxe7+ Rxe7 21. Rxe7 Kxe7 22. Re1+ Kf8 23. h3 Rc7 24. Rc1 Rd7 25. Nde5
Rb7 26. b3 Nd5 27. Nd3 f6 28. Rc5 Rd7 29. Rc8+ Kf7 30. Nc5 Rd6 31. a4 Rb6 32.
Rd8 Nb4 33. Rd7+ Kg6 34. Rxa7 Rd6 35. g4 Rd1+ 36. Kg2 Nc6 37. Rc7 Nb4 38. Kg3
Rd8 39. Nh4+ Kh6 40. Nf5+ Kg6 41. Rxg7# 1-0

[Event "Gaylord (NMO/2/8)"]
[Site "?"]
[Date "1993.??.??"]
[Round "?"]
[White "Falkowski, Kenneth"]
[Black "Sawaski, J."]
[Result "1-0"]
[WhiteElo "1700"]
[BlackElo "1825"]
[PlyCount "44"]
[EventDate "1993.??.??"]

{2/(8)} 1. d4 Nf6 2. Nc3 d5 3. e4 dxe4 4. Be3 Bg4 5. f3 exf3 6. Nxf3 e6 7. Bd3
Bb4 8. O-O Nd5 9. Nxd5 Qxd5 10. c3 Bd6 11. c4 Qh5 12. h3 Bxf3 13. Rxf3 Nd7 14.
Qb3 O-O-O 15. c5 Be7 16. Qa4 Kb8 17. Be4 Nf6 18. Bxb7 Kxb7 19. c6+ Kb6 20. d5+
Bc5 21. Qb4+ Ka6 22. Qb7+ Ka5 {[White played the illegal 23.Bd2+ here,
followed by 23...Ka4 24.Qa6#]} 1-0

[Event "Gaylord (NMO/1/20)"]
[Site "?"]
[Date "1993.??.??"]
[Round "?"]
[White "Falkowski, Kenneth"]
[Black "McNamara, Ron"]
[Result "1-0"]
[WhiteElo "1700"]
[BlackElo "1605"]
[PlyCount "49"]
[EventDate "1993.??.??"]

{1/(20)} 1. d4 d5 2. e4 e6 3. Nc3 Bb4 4. Bd3 Ne7 5. Nge2 c5 6. dxc5 Nbc6 7. O-O
O-O 8. Na4 e5 9. f3 b6 10. a3 Bxc5+ 11. Nxc5 bxc5 12. exd5 Nd4 13. c4 Rb8 14.
Nc3 Nef5 15. Rb1 Nb3 16. Nb5 Nxc1 17. Qxc1 a6 18. Na7 Rb3 19. Qc2 Qb6 20. Nc6
Ne3 21. Bxh7+ Kh8 22. Qe4 Nxf1 23. Qh4 g5 24. Qh6 f5 25. Bg6+ 1-0

[Event "East Lansing (MOR/7/11)"]
[Site "?"]
[Date "1993.??.??"]
[Round "?"]
[White "Falkowski, Kenneth"]
[Black "Kane, Paul"]
[Result "1/2-1/2"]
[WhiteElo "1700"]
[BlackElo "1605"]
[PlyCount "77"]
[EventDate "1993.??.??"]

{7/(11)} 1. d4 d5 2. e4 dxe4 3. Nc3 Nf6 4. f3 Bf5 5. g4 Bg6 6. f4 e6 7. h4 h5
8. g5 Nd5 9. Nce2 Bd6 10. c4 Ne7 11. c5 Nd5 12. cxd6 cxd6 13. Qb3 Qc7 14. Bd2
O-O 15. Bc3 Nc6 16. Nh3 Bf5 17. Bg2 Ne3 18. Kf2 Nxg2 19. Kxg2 d5 20. Rac1 Bg4
21. Rhe1 Rfc8 22. Bd2 Qd7 23. Be3 Na5 24. Rxc8+ Rxc8 25. Qb4 Rc2 26. Qxa5 Bxe2
27. Nf2 Bf3+ 28. Kh2 e5 29. Rg1 exf4 30. Qe1 fxe3 31. Qxe3 Re2 32. Qf4 Rxf2+
33. Kg3 Rd2 34. Qxd2 Qg4+ 35. Kf2 Qxh4+ 36. Kf1 Qh3+ 37. Ke1 Qh4+ 38. Kf1 Qh3+
39. Ke1 1/2-1/2

[Event "East Lansing (MOR/4/34)"]
[Site "?"]
[Date "1993.??.??"]
[Round "?"]
[White "Falkowski, Kenneth"]
[Black "Dohm, F."]
[Result "1-0"]
[WhiteElo "1700"]
[BlackElo "1605"]
[PlyCount "73"]
[EventDate "1993.??.??"]

{4/(34)} 1. d4 d6 2. e4 Nf6 3. Nc3 g6 4. Bg5 Bg7 5. Qd2 Nc6 6. f4 a6 7. Nf3 Be6
8. d5 Bd7 9. dxc6 Bxc6 10. Bd3 d5 11. Bxf6 Bxf6 12. e5 Bg7 13. O-O d4 14. Ne4
Qd7 15. Rad1 O-O-O 16. Qb4 Rhe8 17. Nc5 Qd5 18. Bc4 a5 19. Bxd5 axb4 20. Bxc6
bxc6 21. Nxd4 Rd5 22. Ncb3 f6 23. Nxc6 Rxd1 24. Rxd1 Kb7 25. Nxb4 fxe5 26. fxe5
Bxe5 27. c3 e6 28. Nc5+ Kb6 29. Nd7+ Kb5 30. Nxe5 c5 31. Nbd3 c4 32. Nb4 Rf8
33. Rd6 Rf5 34. Nd7 e5 35. Rb6+ Ka5 36. Nc6+ Ka4 37. Nc5# 1-0

[Event "East Lansing (MOR/6/16)"]
[Site "?"]
[Date "1993.??.??"]
[Round "?"]
[White "Falkowski, Kenneth"]
[Black "Alliston, Richard"]
[Result "1-0"]
[WhiteElo "1700"]
[BlackElo "1605"]
[PlyCount "23"]
[EventDate "1993.??.??"]

{6/(16)} 1. d4 d5 2. e4 e6 3. Nc3 Be7 4. Bd3 dxe4 5. Nxe4 Qxd4 6. Bb5+ Qd7 7.
Bxd7+ Bxd7 8. Bf4 c5 9. Bd6 b6 10. Bxe7 Nxe7 11. Nd6+ Kf8 12. Qf3 1-0

[Event "Flint (Class DE/2)"]
[Site "?"]
[Date "1993.??.??"]
[Round "?"]
[White "Fales, A."]
[Black "Velasquez, A."]
[Result "0-1"]
[WhiteElo "1605"]
[BlackElo "1605"]
[PlyCount "84"]
[EventDate "1993.??.??"]

1. c4 Nf6 2. Nc3 g6 3. g3 Bg7 4. Bg2 Nc6 5. e4 d6 6. Nge2 e5 7. d3 Be6 8. O-O
Qd7 9. Be3 O-O 10. Qc2 a6 11. Rad1 Rab8 12. a3 b5 13. c5 b4 14. Nd5 Rfc8 15.
Qd2 bxa3 16. bxa3 dxc5 17. Bh6 Nxd5 18. exd5 Bxd5 19. Be3 Bxg2 20. Kxg2 Qd5+
21. Kg1 Rb3 22. Qc2 Nd4 23. Nc3 Nxc2 24. Nxd5 Rd8 25. Ne7+ Kh8 26. Bxc5 Rbxd3
27. Rc1 Nxa3 28. Ra1 Bf8 29. Rxa3 Rxa3 30. Bxa3 Rd7 31. Nf5 Bxa3 32. Nh6 Kg7
33. Ng4 Bb2 34. Rb1 Bd4 35. Rd1 f5 36. Nxe5 Bxf2+ 37. Kxf2 Rxd1 38. h4 a5 39.
Ke2 Rd5 40. Nc4 a4 41. Nd2 a3 42. Kf3 Rxd2 0-1

[Event "Flint (Class DE/1)"]
[Site "?"]
[Date "1993.??.??"]
[Round "?"]
[White "Fales, A."]
[Black "McElhiney, K."]
[Result "1-0"]
[WhiteElo "1605"]
[BlackElo "1605"]
[PlyCount "67"]
[EventDate "1993.??.??"]

1. c4 e5 2. Nc3 Nf6 3. g3 Bc5 4. Bg2 Nc6 5. e3 Nb4 6. d3 O-O 7. Nge2 d6 8. O-O
Qe7 9. a3 Nc6 10. Bd2 Bg4 11. Re1 a5 12. Qb3 Rab8 13. Qc2 Rfd8 14. e4 Nd4 15.
Qa4 b6 16. Bg5 h6 17. Be3 c6 18. b4 axb4 19. axb4 Ra8 20. Qxa8 Nxe2+ 21. Nxe2
Bxb4 22. Qxc6 Bxe1 23. Rxe1 Bxe2 24. Rxe2 Qa7 25. Bxb6 Qa1+ 26. Bf1 Rd7 27.
Qc8+ Kh7 28. Bd8 Ra7 29. Qc6 Ra6 30. Qc7 Kg6 31. c5 Ne8 32. Qc8 Qa4 33. f4 exf4
34. Qf5# 1-0

[Event "Flint (Class DE/5)"]
[Site "?"]
[Date "1993.??.??"]
[Round "?"]
[White "Fales, A."]
[Black "Aldrich, Justin"]
[Result "0-1"]
[WhiteElo "1605"]
[BlackElo "1605"]
[PlyCount "32"]
[EventDate "1993.??.??"]

1. c4 e5 2. Nc3 Nf6 3. g3 Bc5 4. Bg2 Ng4 5. e3 O-O 6. Qxg4 d5 7. d4 Bxg4 8.
dxc5 dxc4 9. Bxb7 Nd7 10. Bxa8 Qxa8 11. Nge2 Qxh1+ 12. Kd2 Nxc5 13. b3 Rd8+ 14.
Kc2 Bxe2 15. Nxe2 Qd1+ 16. Kb2 Qxe2+ 0-1

[Event "Troy (TCC/X/1a/2)"]
[Site "?"]
[Date "1993.??.??"]
[Round "?"]
[White "Everett, Morgan"]
[Black "Sacco, G."]
[Result "1-0"]
[WhiteElo "2155"]
[BlackElo "2070"]
[PlyCount "76"]
[EventDate "1993.??.??"]

1. e4 c5 2. Ne2 Nc6 3. Nbc3 d6 4. d4 cxd4 5. Nxd4 Bd7 6. Bc4 Nf6 7. Bg5 a6 8.
f4 e6 9. Bb3 Be7 10. f5 Nxd4 11. Qxd4 Qa5 12. O-O-O e5 13. Qc4 O-O 14. Bxf6
Bxf6 15. Rxd6 Rac8 16. Qd5 Qxd5 17. Rxd5 Bc6 18. Rd3 Rcd8 19. Rhd1 Rd4 20. Rxd4
exd4 21. Nd5 Bxd5 22. Bxd5 b5 23. Rd3 b4 24. a3 a5 25. Kb1 Rb8 26. axb4 axb4
27. Ka2 Kf8 28. Kb3 Ke7 29. Rd1 Be5 30. Ra1 Kf6 31. Ra7 Rf8 32. h3 g6 33. fxg6
hxg6 34. Rb7 Bd6 35. Rd7 Be5 36. Kxb4 d3 37. cxd3 Bxb2 38. Bc4 Bd4 1-0

[Event "East Lansing (MI Op/1b/8)"]
[Site "?"]
[Date "1993.??.??"]
[Round "?"]
[White "Everett, Morgan"]
[Black "June, Brian"]
[Result "1-0"]
[WhiteElo "2155"]
[BlackElo "1890"]
[PlyCount "43"]
[EventDate "1993.??.??"]

1. e4 c5 2. Nf3 Nc6 3. d4 cxd4 4. Nxd4 e5 5. Nb5 a6 6. Nd6+ Bxd6 7. Qxd6 Qf6 8.
Qc7 Qg6 9. Nc3 Nf6 10. Be3 Nxe4 11. Bd3 f5 12. Nxe4 fxe4 13. Bc4 b5 14. Bd5 Ke7
15. Bc5+ Ke8 16. O-O h5 17. Rfe1 Rh6 18. Rxe4 Qf6 19. Rae1 Qd8 20. Rxe5+ Nxe5
21. Qxe5+ Re6 22. Qxh5+ 1-0

[Event "Troy (TCC/X/3/1)"]
[Site "?"]
[Date "1993.??.??"]
[Round "?"]
[White "Everett, Morgan"]
[Black "Jirjis, Faris"]
[Result "1-0"]
[WhiteElo "2155"]
[BlackElo "2130"]
[PlyCount "93"]
[EventDate "1993.??.??"]

{3/(1)} 1. e4 e5 2. Nf3 Nf6 3. Nxe5 d6 4. Nf3 Nxe4 5. d4 d5 6. Bd3 Bd6 7. O-O
O-O 8. c4 c6 9. Qc2 f5 10. cxd5 cxd5 11. Qb3 Kh8 12. Nc3 Nxc3 13. bxc3 Nc6 14.
Re1 Na5 15. Qc2 Bd7 16. Ne5 Rc8 17. Bf4 Bxe5 18. Bxe5 Nc6 19. Qb3 Nxe5 20. Rxe5
Bc6 21. Rxf5 Rxf5 22. Bxf5 Rc7 23. Qd1 Qf6 24. Bd3 Re7 25. Qg4 g6 26. h3 Kg7
27. Rd1 Bd7 28. Qg3 Bf5 29. Qf3 Bxd3 30. Qxd3 Qe6 31. Rb1 b6 32. Qf3 Rf7 33.
Qe3 Qxe3 34. fxe3 Rc7 35. Rb3 Kf6 36. Kf2 Kf5 37. Kf3 h5 38. g4+ Kg5 39. gxh5
gxh5 40. e4 Rf7+ 41. Ke3 Kh4 42. Rb5 dxe4 43. Kxe4 Rc7 44. d5 Kxh3 45. d6 Rd7
46. Rxh5+ Kg4 47. Rd5 1-0

[Event "Troy (TCC/X/5/2)"]
[Site "?"]
[Date "1993.??.??"]
[Round "?"]
[White "Everett, Morgan"]
[Black "Finegold, Gina"]
[Result "1-0"]
[WhiteElo "2155"]
[BlackElo "2025"]
[PlyCount "60"]
[EventDate "1993.??.??"]

{5/(2)} 1. e4 e5 2. Nf3 Nc6 3. d4 exd4 4. Bc4 Nf6 5. Ng5 d5 6. exd5 Qe7+ 7. Qe2
Qxe2+ 8. Kxe2 Na5 9. Bb5+ Bd7 10. Bxd7+ Nxd7 11. Rd1 c5 12. dxc6 Nxc6 13. Nd2
Nb4 14. c3 dxc3 15. bxc3 Nd5 16. Kf1 Be7 17. Ndf3 Nxc3 18. Re1 Kf8 19. Bb2 Bf6
20. Ba3+ Kg8 21. Rac1 h6 22. Ne4 Nd5 23. Nd6 b6 24. Red1 Ne7 25. Nxf7 Kxf7 26.
Rxd7 Rad8 27. Rdc7 Ke8 28. Ne5 Nd5 29. Rb7 Bxe5 30. Re1 Rd7 1-0

[Event "East Lansing (MI Op/5/3)"]
[Site "?"]
[Date "1993.??.??"]
[Round "?"]
[White "Everett, Morgan"]
[Black "Feldman, Steve"]
[Result "1/2-1/2"]
[WhiteElo "2155"]
[BlackElo "2315"]
[PlyCount "50"]
[EventDate "1993.??.??"]

{5/(3)} 1. e4 c5 2. Nf3 Nc6 3. d4 cxd4 4. Nxd4 e5 5. Nb5 d6 6. N1c3 a6 7. Na3
Be6 8. Be2 Rc8 9. O-O Be7 10. Nc4 Nd4 11. Ne3 Nf6 12. f4 Qb6 13. Kh1 Nxe2 14.
Qxe2 Qc6 15. Qf3 exf4 16. Ned5 Bxd5 17. exd5 Qd7 18. Bxf4 O-O 19. Rae1 b5 20.
a3 Rfe8 21. Bg5 h6 22. Bh4 a5 23. h3 Bd8 24. Rxe8+ Qxe8 25. Qf5 Rc7 1/2-1/2

[Event "East Lansing (MI Op/3/2)"]
[Site "?"]
[Date "1993.??.??"]
[Round "?"]
[White "Everett, Morgan"]
[Black "Basin, Leonid"]
[Result "1/2-1/2"]
[WhiteElo "2155"]
[BlackElo "2485"]
[PlyCount "66"]
[EventDate "1993.??.??"]

{3/(2)} 1. e4 c5 2. Nf3 Nc6 3. d4 cxd4 4. Nxd4 Nf6 5. Nc3 d6 6. Bg5 e6 7. Be2
Be7 8. Nb3 O-O 9. O-O a6 10. a4 b6 11. f4 Bb7 12. Bf3 Qc7 13. Kh1 Rac8 14. Rf2
h6 15. Bxf6 Bxf6 16. Rd2 Rfd8 17. Rb1 Na5 18. Nxa5 bxa5 19. Qe2 Qb6 20. Nd1 Qb4
21. b3 e5 22. f5 d5 23. c3 Qc5 24. b4 axb4 25. cxb4 Qc4 26. exd5 Qxe2 27. Rxe2
Bxd5 28. Bxd5 Rxd5 29. g3 Rd4 30. Nf2 Rb8 31. Re4 Rd5 32. b5 Be7 33. Ng4 Bf8
1/2-1/2

[Event "East Lansing (MI Op/6/4)"]
[Site "?"]
[Date "1993.??.??"]
[Round "?"]
[White "Everett, Morgan"]
[Black "Andrews, Steve"]
[Result "1/2-1/2"]
[WhiteElo "2155"]
[BlackElo "2265"]
[PlyCount "78"]
[EventDate "1993.??.??"]

{6/(4)} 1. e4 Nf6 2. e5 Nd5 3. Bc4 Nb6 4. Bb3 c5 5. c3 d5 6. d4 cxd4 7. cxd4
Nc6 8. Nc3 Bf5 9. Nge2 e6 10. Ng3 Bg6 11. O-O h5 12. Re1 h4 13. Nf1 h3 14. g3
Nc8 15. Qg4 Bf5 16. Qd1 N8e7 17. Ne3 Bg6 18. Qg4 Bh5 19. Qxh3 Nxd4 20. g4 Bg6
21. Qxh8 Nf3+ 22. Kf1 Nxe1 23. Kxe1 d4 24. Nc4 dxc3 25. Nd6+ Kd7 26. Qh3 Nc6
27. Qxc3 Nxe5 28. Nxb7 Nd3+ 29. Qxd3+ Bxd3 30. Nxd8 Rxd8 31. Bg5 Bb4+ 32. Bd2
Bd6 33. Rd1 Bc7 34. Bc3 Kc8 35. Bxg7 Bxh2 36. Bf6 Rd6 37. Be7 Rd7 38. Bc5 Be5
39. Ba4 Rd5 1/2-1/2

[Event "Troy (TCC/C/1b/1)"]
[Site "?"]
[Date "1993.??.??"]
[Round "?"]
[White "Etienne, T."]
[Black "Velasquez, A."]
[Result "0-1"]
[WhiteElo "1605"]
[BlackElo "1605"]
[PlyCount "59"]
[EventDate "1993.??.??"]

1. d4 Nf6 2. Nf3 g6 3. Bg5 Bg7 4. Nbd2 O-O 5. e4 d6 6. c3 c5 7. Be2 Nc6 8. O-O
Qb6 9. d5 Ne5 10. Nxe5 dxe5 11. Qc2 Qc7 12. f3 e6 13. c4 a6 14. a4 exd5 15.
cxd5 Bd7 16. a5 Bb5 17. Bxb5 axb5 18. b4 c4 19. Be3 Nh5 20. Nb3 Nf4 21. Nc5 b6
22. axb6 Qxb6 23. Rab1 Qc7 24. g3 Nh5 25. Qd2 Rfd8 26. Rfd1 Bf8 27. f4 exf4 28.
gxf4 Nf6 29. e5 Rxd5 30. Qf2 0-1

[Event "Flint (Beg/3)"]
[Site "?"]
[Date "1993.??.??"]
[Round "?"]
[White "Etienne, T."]
[Black "Smith, George"]
[Result "1-0"]
[WhiteElo "1605"]
[BlackElo "1605"]
[PlyCount "43"]
[EventDate "1993.??.??"]

1. e4 e5 2. d4 Nc6 3. d5 Nd4 4. c3 Nb5 5. Bxb5 c6 6. Ba4 Bc5 7. Nf3 Nf6 8. Bg5
h6 9. Bxf6 Qxf6 10. b4 Bb6 11. d6 Qg6 12. O-O Qxe4 13. Re1 Qg6 14. Nxe5 Qf6 15.
Ng4+ Kf8 16. Nxf6 gxf6 17. Re7 c5 18. Bc2 cxb4 19. Qh5 Rh7 20. Bxh7 Kg7 21.
Qxf7+ Kh8 22. Re8# 1-0

[Event "East Lansing (MOR/2/13)"]
[Site "?"]
[Date "1993.??.??"]
[Round "?"]
[White "Etienne, T."]
[Black "Ridella, Dennis"]
[Result "1-0"]
[WhiteElo "1605"]
[BlackElo "1700"]
[PlyCount "83"]
[EventDate "1993.??.??"]

{2/(13)} 1. d4 Nf6 2. Nf3 b6 3. Bg5 e6 4. Nbd2 Be7 5. Bxf6 Bxf6 6. e4 Bb7 7.
Bd3 Nc6 8. c3 a5 9. O-O h6 10. Re1 d6 11. d5 exd5 12. exd5+ Ne5 13. Bb5+ Kf8
14. Nxe5 dxe5 15. c4 Qd6 16. Ne4 Qe7 17. Qe2 Ba6 18. Bc6 Rd8 19. Rad1 Kg8 20.
Qc2 g6 21. Qc3 Bg7 22. Qc2 Kh7 23. b3 Bc8 24. Qd2 Rhf8 25. f4 exf4 26. Qxf4 Qa3
27. Qxc7 Qxa2 28. Qxb6 Bg4 29. Rd2 Qa3 30. Ba4 Ra8 31. Nf6+ Bxf6 32. Qxf6 Ra7
33. Qd4 Re7 34. Rxe7 Qxe7 35. Rf2 Bf5 36. d6 Qe6 37. c5 Rd8 38. d7 Qe7 39. c6
Ra8 40. c7 Rc8 41. d8=Q Rxd8 42. cxd8=Q 1-0

[Event "East Lansing (MOR/5/4)"]
[Site "?"]
[Date "1993.??.??"]
[Round "?"]
[White "Etienne, T."]
[Black "Gaiefsky, Mike"]
[Result "0-1"]
[WhiteElo "1605"]
[BlackElo "1765"]
[PlyCount "88"]
[EventDate "1993.??.??"]

{5/(4)} 1. d4 Nf6 2. Nf3 g6 3. Bg5 Bg7 4. Nbd2 d6 5. e4 h6 6. Bxf6 exf6 7. Bd3
Nc6 8. c3 Bd7 9. O-O Qe7 10. Re1 O-O-O 11. b4 Rdg8 12. a4 h5 13. a5 g5 14. b5
Nb8 15. b6 a6 16. bxc7 Kxc7 17. Qb3 Bc8 18. e5 Nd7 19. exd6+ Qxd6 20. Nc4 Qd5
21. Be4 Qb5 22. Qa2 f5 23. Rab1 fxe4 24. Rxb5 axb5 25. Rxe4 bxc4 26. Qxc4+ Kb8
27. Qxf7 g4 28. Nh4 Bf6 29. g3 Rg5 30. Qa2 Bd8 31. d5 Nf6 32. Rd4 Re8 33. Rd1
Ne4 34. Qb3 Rf8 35. Qb4 Re8 36. c4 Be7 37. Qb2 Bc5 38. Rf1 Nxf2 39. Kg2 Rge5
40. Qb5 Re2 41. Qxe8 Rxe8 42. Rxf2 Bxf2 43. Kxf2 Re4 44. Nf5 Bxf5 0-1

[Event "Troy (TCC/C/4/10)"]
[Site "?"]
[Date "1993.??.??"]
[Round "?"]
[White "Etienne, T."]
[Black "Carvell, John"]
[Result "1-0"]
[WhiteElo "1605"]
[BlackElo "1605"]
[PlyCount "65"]
[EventDate "1993.??.??"]

{4/(10)} 1. d4 Nf6 2. Nf3 g6 3. Bg5 Bg7 4. Nbd2 d5 5. e3 O-O 6. Be2 Nbd7 7. O-O
c5 8. c3 a6 9. a4 b6 10. Re1 Bb7 11. Bd3 Ne4 12. Bh4 h6 13. c4 g5 14. Bg3 Nxg3
15. hxg3 e5 16. cxd5 exd4 17. exd4 Bxd5 18. dxc5 Nxc5 19. Bc4 Bxc4 20. Nxc4 Nd3
21. Re2 Bd4 22. Rd2 b5 23. Rxd3 Bxf2+ 24. Kxf2 Qf6 25. Rd6 Qf5 26. Ne3 Qc5 27.
Rxh6 Rfe8 28. Qe2 Rac8 29. Nxg5 Qb4 30. Rh8+ Kg7 31. Rh7+ Kg8 32. Rah1 Qe7 33.
Rh8+ 1-0

[Event "East Lansing (MOR/4/9)"]
[Site "?"]
[Date "1993.??.??"]
[Round "?"]
[White "Etienne, T."]
[Black "Brooks, Brion"]
[Result "1-0"]
[WhiteElo "1605"]
[BlackElo "1770"]
[PlyCount "69"]
[EventDate "1993.??.??"]

{4/(9)} 1. d4 Nf6 2. Nf3 b6 3. Bg5 Bb7 4. e3 e6 5. Nbd2 Be7 6. Bd3 d5 7. O-O
O-O 8. Ne5 c5 9. c3 Ba6 10. Bxa6 Nxa6 11. f4 Qc7 12. Rf3 Ne4 13. Bxe7 Qxe7 14.
Rh3 Nxd2 15. Qxd2 f6 16. Ng4 Nb8 17. Qd3 f5 18. Ne5 Nd7 19. Rf1 Nxe5 20. fxe5
c4 21. Qe2 Rf7 22. Rff3 b5 23. Rxh7 g6 24. Rh6 g5 25. Rfh3 g4 26. Rh8+ Kg7 27.
R3h7+ Kg6 28. Rxf7 Kxf7 29. Rxa8 Qb7 30. Rd8 a5 31. h3 Qc7 32. Rd6 Qe7 33. hxg4
Qg5 34. gxf5 Qxf5 35. Qf3 1-0